000 00913nam a22002897a 4500
003 CHAP
005 20220329140538.0
008 971013s1985 r 00010 d
010 _a53681
011 _a54653
035 _a58804
040 _cCHAP
082 _a333.097285
_bW5
100 0 0 _aWheelock Román, Jaime.
_9121644
245 _aEntre la crisis y la agresión
_b: la reforma agraria sandinista
260 _aManagua :
_bNueva Nicaragua,
_c1985
300 _a148 p.
590 _aBATCH-UPD
_b10
_c20130110
_lUCH01
_h0720
590 _aBATCH-UPD
_b10
_c20130410
_lUCH01
_h0405
590 _aBATCH-UPD
_b10
_c20130914
_lUCH01
_h1958
590 _aCONVERSION
_b10
_c20130109
_lUCH01
_h1329
650 1 4 _aReforma agraria
_xNicaragua.
_995576
650 1 4 _aTierras
_xTenencia
_xNicaragua.
_9113185
901 _aBK
942 _cLIBRO
949 _a333.097285 W5
_bBC
_cLIBRO
_d33724000328431
_eLIBRO
_h73236
_i58804
_si
999 _c53681
_d53681